000 00557nam a2200217Ia 4500
001 6419
005 20240113233917.0
007 ta
008 050627s a g b000 u urd u
040 _aCotton College Assam
041 _aurd
082 _a891.433
_bSi 13 B
100 _aSiddique, Ishaque .
245 0 _aUrdu Story - Book /
_cIshaque Siddique.
_hTextual Documents
260 _aSl :
_bSn ,
_cNd.
300 _a309p. :
_bill. ;
_c22cm. .
653 _aUrdu - Story Book
942 _2ddc
_cBK
999 _c6406
_d6406